| 000 | 00579nai a2200181Ia 4500 | ||
|---|---|---|---|
| 003 | IN-BaIIA | ||
| 008 | 211028c9999 xx s 000 0 eng d | ||
| 022 | _a0022-0477 (Print) | ||
| 022 | _a1365-2745 (Online) | ||
| 040 | _cIIA Library | ||
| 245 | 0 |
_aJournal Of Ecology _h[eJournal] |
|
| 260 |
_aNew Jersey _bJohn Wiley & Sons |
||
| 310 | _aBimonthly | ||
| 362 | _a86(1); 1998 - Present | ||
| 521 | _bSubscribed through National Knowledge Resource Consortium (NKRC) | ||
| 856 |
_uhttps://onlinelibrary.wiley.com/journal/13652745 _yClick Here to Access eJournal |
||
| 942 | _cEJ | ||
| 999 |
_c35029 _d35029 |
||